Provinces of Indonesia on a Map (after 2022) - Statistics

General Stats
  • This quiz has been taken 1,943 times
  • The average score is 31 of 38
Answers on the Map
Answers color-coded by a green-red scale on the quiz's map according to % correct below.
 
Answer Stats
Province % Correct
Bali
92%
East Java
92%
West Java
92%
Aceh
91%
Central Java
91%
Special CapitalRegion of Jakarta
90%
East Kalimantan
87%
North Sumatra
87%
West Sumatra
87%
Central Kalimantan
86%
South Sulawesi
86%
West Kalimantan
86%
North Kalimantan
85%
North Sulawesi
85%
South Kalimantan
85%
South Sumatra
85%
West Sulawesi
85%
Central Sulawesi
84%
Papua
84%
Special Region ofYogyakarta
84%
Riau
82%
West Papua
82%
Banten
79%
East Nusa Tenggara
79%
West Nusa Tenggara
79%
Lampung
77%
Southeast Sulawesi
77%
Maluku
76%
Riau Islands
75%
Central Papua
73%
Jambi
72%
South Papua
72%
Gorontalo
70%
North Maluku
70%
Bangka Belitung Islands
68%
Bengkulu
66%
Highland Papua
59%
Southwest Papua
53%
No matching quizzes found
Score Distribution
Percent of People with Each Score
Percentile by Number Answered
Your Score History
You have not taken this quiz